Countries of the World #2 - Spot the Imposter - Statistics

General Stats
  • This quiz has been taken 852 times
    319 since last reset
  • The average score is 20 of 20
Answer Stats
Question Answer % Correct
Which is not a current Country of the World? Austronesia
100%
Which is not a current Country of the World? Malé
100%
Which is not a current Country of the World? Wallonia
100%
Which is not a current Country of the World? Bosphorus
99%
Which is not a current Country of the World? Cook Islands
99%
Which is not a current Country of the World? Corsica
99%
Which is not a current Country of the World? Crimea
99%
Which is not a current Country of the World? Kurdistan
99%
Which is not a current Country of the World? Luanda
99%
Which is not a current Country of the World? Tokelau
99%
Which is not a current Country of the World? Zanzibar
99%
Which is not a current Country of the World? Algiers
98%
Which is not a current Country of the World? Holland
98%
Which is not a current Country of the World? Java
98%
Which is not a current Country of the World? Niue
98%
Which is not a current Country of the World? Western Sahara
98%
Which is not a current Country of the World? Canary Islands
97%
Which is not a current Country of the World? Dominique
97%
Which is not a current Country of the World? Borneo
96%
Which is not a current Country of the World? Greenland
95%
No matching quizzes found
Score Distribution
Percent of People with Each Score
Percentile by Number Answered
Your Score History
You have not taken this quiz since the last reset